| 000 | 00522nam a2200145Ia 4500 | ||
|---|---|---|---|
| 008 | 180921t xxu||||| ||||o00| 0 eng d | ||
| 041 | _aeng | ||
| 080 | _aVol.3 1890-1900 | ||
| 245 | _aordinances Nos. : No.6 of 1894. An ordinance To Enable The Postmaster-General To Detain Any Postal Packet Containing or Bearing Any Fictitious Postage Stamp. (See Under No.13 of 1892,Page 175.) | ||
| 300 | _ap.244, 23 cm | ||
| 650 | _aFictitious Postage Stamp. | ||
| 942 | _cBK | ||
| 999 |
_c51220 _d51220 |
||
| 003 | LK-CoDNM | ||
| 040 |
_aLK-CoDNM _dLK-CoDNM _eLK-CoDNM |
||